000 00409nam a2200169Ia 4500
008 240729s9999 xx 000 0 und d
022 _a1601-5223
245 0 _aHereditas
260 _aUnited Kingdom
260 _bBMC
650 _a Biology (General)
650 _a Genetics
650 _aScience
856 _uhttps://doaj.org/toc/8a5227526e014959b35d59c586560c45
942 _2ddc
942 _cDOAJEJ
999 _c74404
_d74404
945 _a1
_bMadushi Gamage
_c1
_dMadushi Gamage